Guess the Billie Eilish song (no hints) #10 - Statistics

General Stats
  • This quiz has been taken 830 times
  • The average score is 160 of 279
Answer Stats
Lyrics Lyrics % Correct
I
100%
you
95%
The
88%
the
88%
When
86%
when
86%
me
83%
love
80%
to
80%
don't
74%
I'm
70%
where
70%
and
69%
And
69%
what
69%
What
69%
you're
69%
You're
69%
it
68%
want
68%
so
64%
So
64%
not
61%
then
61%
for
58%
that
58%
were
58%
can't
55%
Can't
55%
but
53%
say
52%
Say
52%
see
52%
all
50%
of
50%
just
48%
need
45%
need?
45%
never
42%
think
41%
any
39%
every
39%
free
39%
Bored
36%
bored
36%
bored?
36%
leave
35%
more
35%
out
35%
You'd
35%
you'd
35%
alone
34%
about
33%
door
32%
live
32%
stay
32%
anymore
31%
afraid
30%
Giving
30%
home
29%
makes
29%
run
29%
walk
29%
set
28%
sure
28%
without
28%
Lyrics Ah
27%
ah
27%
begging
27%
Forget
27%
fun
27%
games
27%
getting
27%
played
27%
piece
26%
Piece
26%
teaching
25%
hope
22%
knows
22%
afford
21%
fair
21%
God
21%
shit's
21%
torn
21%
scores
19%
settled
19%
No matching quizzes found
Score Distribution
Percent of People with Each Score
Percentile by Number Answered
Your Score History
You have not taken this quiz